| 000 | 00394nam a2200145 i 4500 | ||
|---|---|---|---|
| 001 | bg | ||
| 100 | 1 | _aERGETOWSKI, Ryszard | |
| 245 | 0 |
_aStudenckie organizacje Polaków w Uniwersytecie Lipskim w 1872-1919 / _cR. Ergetowski. |
|
| 260 |
_aWrocław, _c1982. |
||
| 040 | _cBPK | ||
| 041 | _apol | ||
| 080 | _a378.18:378.4(430)"18/19" | ||
| 942 | _cKS | ||
| 008 | s pl f |000 0 pol | ||
| 999 |
_c21795 _d21795 |
||
| 856 |
_uhttp://koha.tu.koszalin.pl/cgi-bin/koha/opac-detail.pl?biblionumber=21795 _yKatalog online BPK |
||